| 000 | 00406nam a2200169Ia 4500 | ||
|---|---|---|---|
| 008 | 230711s9999||||xx |||||||||||||| ||und|| | ||
| 020 | _a978-81-203-2366-7 | ||
| 041 | _aENG | ||
| 082 |
_a621 _bBH-V |
||
| 100 | _aBhasker.J | ||
| 245 | 2 | _aA VHDL primer | |
| 250 | _a3rd Ed. | ||
| 260 |
_c1999 _aNew Delhi _bPHI Learning Private Limited |
||
| 300 | _a392 | ||
| 650 | _aElectrical Engineering | ||
| 942 | _cBK | ||
| 999 |
_c3855 _d3855 |
||